Third Party Smash Bros Characters - Statistics

General Stats
  • This quiz has been taken 250 times
    165 since last reset
  • The average score is 16 of 18
Answer Stats
Developer Character % Correct
Sega Sonic
99%
Mojang Steve
98%
Square Enix Cloud
95%
Capcom Ryu
94%
Square Enix Sephiroth
94%
Capcom Ken
93%
Konami Snake
93%
Rare Banjo and Kazooie
91%
Namco Pac-Man
90%
Square Enix Sora
90%
SNK Terry
90%
Atlus Joker
88%
PlatinumGames Bayonetta
84%
Namco Kazuya
84%
Capcom Mega Man
84%
Square Enix Hero
80%
Konami Simon
70%
Konami Richter
69%
No matching quizzes found
Score Distribution
Percent of People with Each Score
Percentile by Number Answered
Your Score History
You have not taken this quiz since the last reset